Normal view
MARC view
Entry Personal Name
001 - CONTROL NUMBER
- control field: 65167
003 - CONTROL NUMBER IDENTIFIER
- control field: OSt
005 - DATE AND TIME OF LATEST TRANSACTION
- control field: 20221208152108.0
008 - FIXED-LENGTH DATA ELEMENTS
- fixed length control field: 221208|| aca||aabn | a|a d
040 ## - CATALOGING SOURCE
- Original cataloging agency: OSt
- Transcribing agency: OSt
100 ## - HEADING--PERSONAL NAME
- Personal name: Vinith Narayan: नारायण विनीत
670 ## - SOURCE DATA FOUND
- Source citation: Work cat.: (OSt): Vinith Narayan: विनीत नारायण 65164, Hawala ke deshdrohi: हवाला के देशद्रोही , 1999